00722nam a2200181 a 450000100060000000300090000600800410001502000150005604000280007108200140009910000360011324500270014925000060017626000270018230000080020950503060021765000170052310260CO-ViMGA141112s2004 ck r 000 u spa d a9681865367 aCO-ViMGAbspacCO-ViMGA04a657 R154c1 aRamírez Valenzuela, Alejandro10aContabilidad Comercial a2 aMexico; Limusa, c2004 a340 aCuenta de activo, pasivo y capital Reglas para efectruar los debitos o cargos y los creditos o abonos en las cuentas 30 - - Registro de las operaciones efectuadas 82 - - El estado de perdidas y ganancias 168 - - Libros y registros auxiliares 257 - - Formulación de asientos. Casos particulares 329 14aCONTABILIDAD